Sociedad civil desde la periferia: una óptica necesaria para un desarrollo integral /
Sábháilte in:
| Príomhchruthaitheoir: | |
|---|---|
| Formáid: | Téacs |
| Ábhair: | |
| Clibeanna: |
Cuir clib leis
Níl clibeanna ann, Bí ar an gcéad duine le clib a chur leis an taifead seo!
|
MARC
| LEADER | 00000 a a2200000 04500 | ||
|---|---|---|---|
| 001 | 9038 | ||
| 003 | |||
| 040 | |||
| 100 | |a Herrera Romero, Javier | ||
| 245 | |a Sociedad civil desde la periferia: |b una óptica necesaria para un desarrollo integral / |c Javier Herrera Romero | ||
| 650 | |a ESTADO | ||
| 650 | |a DEMOCRACIA | ||
| 650 | |a CIUDADANIA | ||
| 650 | |a GLOBALIZACION | ||
| 650 | |a MEXICO | ||
| 773 | |g volumen 16, número 2 -3; páginas 172-181 | ||
| 999 | |c 29543 |d 29543 | ||
